Memoirs of Lieut.-General Scott, LL.D /

Bibliographic Details
Main Author: Scott, Winfield, 1786-1866
Format: Book
Language:English
Published: New York : Sheldon, 1864.
Subjects:

MARC

Tag First Indicator Second Indicator Subfields
LEADER 00000cam a2200000 4500
001 in00000669713
005 20151015083920.0
008 800926r18641864miuc a 00010aeng d
035 |a (OCoLC)06758026 
035 |9 ACY1101AM 
040 |a EEU  |c TXA  |d UtOrBLW 
049 |a TXAI 
090 |a E403.1.S4  |b S42 
099 |a film  |a B  |a 1512  |a reel  |a 299.6 
100 1 |a Scott, Winfield,  |d 1786-1866. 
245 1 0 |a Memoirs of Lieut.-General Scott, LL.D /  |c Written by himself. 
264 1 |a New York :  |b Sheldon,  |c 1864. 
300 |a 1 page ., xxii, 653 pages :  |b 2 portrait (including frontispiece) ;  |c 25 cm. 
336 |a text  |b txt  |2 rdacontent 
337 |a microform  |b h  |2 rdamedia 
338 |a microfilm reel  |b hd  |2 rdacarrier 
500 |a Microfilm. Ann Arbor, Mich., University Microfilms [n.d.] (American culture series, Reel 299.6) 
500 |a Large paper edition. 
500 |a Microform. 
650 0 |a Mexican War, 1846-1848  |x Campaigns. 
651 0 |a United States  |x History  |y War of 1812  |x Campaigns. 
999 |a MARS 
999 f f |s 53f2d499-b53a-3628-b12c-d108e827407d  |i da68d672-b093-3268-9362-18bcbc4225b1  |t 0 
952 f f |p default  |a Texas A&M University  |b College Station  |c Sterling C. Evans Library  |d Evans: Microforms (3rd floor)  |t 0  |e film B 1512 reel 299.6  |h Other scheme  |i microform -- microfilm reel 
998 f f |a film B 1512 reel 299.6  |t 0  |l Evans: Microforms (3rd floor)